000 01050cam a22003497a 4500
003 CHAP
005 20220817040832.0
008 971013s1989 it r 00010 eng d
010 _a1165
011 _a2137
035 _a1328
040 _cCHAP
082 _a639.2
_bF3y v.307
110 _aFAO
245 1 0 _aStudies on the financing of fisheries development in West Africa
260 _aRome :
_bFAO,
_c1989
300 _a37 p.
410 _aFAO
490 0 _aDocumento técnico de pesca
_v; 307
590 _aBATCH-UPD
_b10
_c20130110
_lUCH01
_h1905
590 _aBATCH-UPD
_b10
_c20130410
_lUCH01
_h1233
590 _aBATCH-UPD
_b10
_c20130914
_lUCH01
_h1212
590 _aCONVERSION
_b10
_c20130109
_lUCH01
_h1302
650 1 4 _aPesca
_xAspectos económicos.
_987361
700 0 _aGreboval, D. F.
_950532
700 0 _aRobinson, M. A.
_998003
810 0 _aFAO
830 0 0 _aDocumento técnico de pesca
_v; 307
_933242
901 _aBK
942 _cLIBRO
949 _a639.2 F3y v.307
_bBC
_cFAO
_d33724002208545
_eFAO1
_gDonaciØn
_h78634
_i1328
_si
999 _c1165
_d1165